Aplikácia mäkkých zručností v manažmente výroby bakalárska práca

Uložené v:
Podrobná bibliografia
Hlavný autor: Oravcová, Terézia
Korporativný autor: Fakulta podnikového manažmentu EU. Katedra manažmentu výroby a logistiky - zrušená
Ďalší autori: Rakovská, Júlia, 1972-
Médium: Kniha
Jazyk:Slovak
Vydavateľské údaje: Bratislava 2021
Tagy: Pridať tag
Žiadne tagy, Buďte prvý, kto otaguje tento záznam!

MARC

LEADER 00000nbm a2200000 4500
001 0275859
005 20211109102752.4
041 0 |a slo 
044 |a SK 
245 1 0 |a Aplikácia mäkkých zručností v manažmente výroby  |b bakalárska práca  |c Terézia Oravcová ; školiteľ: Júlia Rakovská 
264 1 |a Bratislava  |c 2021 
300 |a 49 s. 
100 1 |a Oravcová, Terézia 
700 1 |a Rakovská, Júlia, 1972- 
710 2 |a Fakulta podnikového manažmentu EU. Katedra manažmentu výroby a logistiky - zrušená